| 000 | 00000nam 2200000zi 4500 |
| 001 | 9.929157 |
| 003 | CaOODSP |
| 005 | 20240415130502 |
| 006 | m o d f |
| 007 | cr cn||||||||| |
| 008 | 231019t20242024onca o f000 0 eng d |
| 020 | |a9780660683768 |
| 040 | |aCaOODSP|beng|erda|cCaOODSP |
| 043 | |an-cn--- |
| 086 | 1 |aFs23-549/4-4-2023E-PDF |
| 245 | 00|aNew findings on whale habitat. |
| 264 | 1|a[Ottawa] : |bFisheries and Oceans Canada = Pêches et océans Canada, |c[2024] |
| 264 | 4|c©2024 |
| 300 | |a1 online resource (1 page) : |bcolour illustrations |
| 336 | |atext|btxt|2rdacontent |
| 337 | |acomputer|bc|2rdamedia |
| 338 | |aonline resource|bcr|2rdacarrier |
| 500 | |aIssued also in French under title: Nouvelles découvertes sur l'habitat des baleines. |
| 500 | |aCaption title. |
| 650 | 0|aWhales|xHabitat|zAtlantic Coast (Canada) |
| 650 | 0|aMarine ecology|zAtlantic Coast (Canada) |
| 710 | 1 |aCanada. |bDepartment of Fisheries and Oceans, |eissuing body. |
| 775 | 08|tNouvelles découvertes sur l'habitat des baleines.|w(CaOODSP)9.929159 |
| 856 | 40|qPDF|s2.84 MB|uhttps://publications.gc.ca/collections/collection_2024/mpo-dfo/Fs23-549-4-4-2023-eng.pdf |
| 856 | 4 |qHTML|sN/A|uhttps://www.dfo-mpo.gc.ca/about-notre-sujet/publications/infographics-infographies/soto-rceo/2022/11-whale-habitat-baleines-eng.html |